000
nam a22 7a 4500
999
_c
329666
_d
329666
003
NUST
005
20170517131042.0
008
170517b xxu||||| |||| 00| 0 eng d
040
_c
DLC
082
_a
625.7 MAN
100
_a
Mannering,F.L
_9
975
245
_a
Principles of Highway Engineering and Traffic Analysis /
942
_2
ddc
_c
BK